The meaning of things : material culture and symbolic expression

Αποθηκεύτηκε σε:
Λεπτομέρειες βιβλιογραφικής εγγραφής
Άλλοι συγγραφείς: Hodder, Ian
Μορφή: Βιβλίο
Γλώσσα:English
Δημοσίευση: London : HarperCollins Academic, 1991.
Σειρά:One world archaeology
Θέματα:
Ετικέτες: Προσθήκη ετικέτας
Δεν υπάρχουν, Καταχωρήστε ετικέτα πρώτοι!

MARC

LEADER 00000nam a2200000 a 4500
001 1/127609
008 231101s1991####uk | ||| |||| ||eng||
020 |a 0003020657 
040 |a GR-MyUa  |b gre  |c GR-MyUa  |e AACR2 
041 0 |a eng 
082 7 |a 930.1  |2 (23) 
245 0 4 |a The meaning of things :   |b material culture and symbolic expression /   |c edited by Ian Hodder.  
260 |a London :   |b HarperCollins Academic,   |c 1991.  
300 |a xxvii, 265 σ. ;   |c 24 εκ.  
490 1 |a (One world archaeology ;   |v 6) 
504 |a Περιλαμβάνει βιβλιογραφία και ευρετήριο.  
650 0 |a Social archaeology  |x Congresses. 
650 0 |a Ethnoarchaeology  |x Congresses. 
650 0 |a Symbolism  |x Congresses. 
650 0 |a Material culture  |x Congresses. 
700 1 |a Hodder, Ian. 
830 0 |a One world archaeology 
852 |a INST  |b LESVOS  |e 20231101  |h 930.1 MEA  |p 005100065691  |q 005100065691  |t BK  |y 0 
970 |a Δημάκη  |b Μαρία  |z 01-11-2023